| 000 | 00663nam a2200265Ia 4500 | ||
|---|---|---|---|
| 005 | 20260306163625.0 | ||
| 008 | 008 260114s9999 xx 000 0 eng d | ||
| 020 | _a9781496815255 | ||
| 037 | _aEBOOK | ||
| 040 | _aCRL | ||
| 040 | _beng | ||
| 040 | _cCRL | ||
| 041 | _2eng | ||
| 041 | _aeng | ||
| 084 | _qCRL | ||
| 100 |
_aBaggett _9915211 |
||
| 245 | 0 | _aIntimate Partner Violence In New Orleans: Gender, Race, And Reform, 1840-1900 | |
| 260 | _bUniversity Press of Mississippi | ||
| 260 | _c2019 | ||
| 650 | _aSocial Work | ||
| 856 | _uhttps://academic.oup.com/book/21429 | ||
| 942 | _cEBOOK | ||
| 999 |
_c1710844 _d1710844 |
||